[Event "20. Torneo San Viator 2013"]
[Site "Madrid ESP"]
[Date "2013.04.07"]
[Round "1.29"]
[White "Rodriguez Varela, Alvaro"]
[Black "Casado Salvo, Jose Maria"]
[Result "1-0"]
[WhiteElo "1751"]
[BlackElo "1758"]
[PlyCount "72"]
[EventDate "2013.04.07"]
[EventType "swiss"]
[EventRounds "9"]
[EventCountry "ESP"]
[Source "lmi"]
[SourceDate "2013.04.07"]

1. e4 d6 2. d4 Nf6 3. Nc3 g6 4. Bg5 Bg7 5. f3 a6 6. Qd2 Nbd7 7. Bh6 O-O 8. Bxg7
Kxg7 9. g4 e5 10. O-O-O b5 11. h4 h5 12. g5 Ne8 13. dxe5 Nxe5 14. f4 Nd7 15.
Nf3 Bb7 16. Qd4+ Kh7 17. Bg2 c5 18. Qd3 Nb6 19. Rhf1 b4 20. Ne2 a5 21. f5 Ba6
22. Qe3 Nc4 23. Qf2 Qe7 24. Nd2 Qe5 25. Nxc4 Bxc4 26. fxg6+ Kg7 27. gxf7 Rxf7
28. Qe3 Qh2 29. Rxf7+ Bxf7 30. Qf2 Qe5 31. Ng3 Nc7 32. Nf5+ Kh8 33. Rxd6 Ne6
34. Nh6 Rf8 35. Nxf7+ Rxf7 36. Qxf7 Qxd6 1-0

[Event "20. Torneo San Viator 2013"]
[Site "Madrid ESP"]
[Date "2013.04.07"]
[Round "1.30"]
[White "Lopez Benitez, David"]
[Black "Cazorla Munoz, Francisco"]
[Result "1-0"]
[WhiteElo "1746"]
[BlackElo "1735"]
[PlyCount "117"]
[EventDate "2013.04.07"]
[EventType "swiss"]
[EventRounds "9"]
[EventCountry "ESP"]
[Source "lmi"]
[SourceDate "2013.04.07"]

1. Nf3 Nf6 2. g3 d5 3. Bg2 c5 4. O-O Nc6 5. d3 e5 6. Nbd2 Be7 7. e4 d4 8. Nc4
Qc7 9. a4 O-O 10. Nh4 Bg4 11. f3 Be6 12. Nf5 Bxf5 13. exf5 Nd7 14. f4 f6 15.
Be4 Nb6 16. b3 Rad8 17. Bd2 Nd5 18. Bxd5+ Rxd5 19. Qf3 Rdd8 20. Rae1 Rfe8 21.
Rf2 Bf8 22. Rfe2 Re7 23. h4 Rde8 24. Kg2 Qd7 25. fxe5 fxe5 26. g4 Kh8 27. Bg5
e4 28. Rxe4 Rxe4 29. Rxe4 h6 30. Bd2 Rxe4 31. Qxe4 Be7 32. Kh3 Qd8 33. Be1 Bf6
34. Qe6 Qe7 35. Qxe7 Bxe7 36. Kg2 Bf6 37. Kf3 Kg8 38. Kf4 Be7 39. g5 h5 40. Ke4
Kf8 41. Kd5 Ke8 42. Nd6+ Bxd6 43. Kxd6 Ne7 44. Kc7 b6 45. Kb7 Kd7 46. Kxa7 Kc6
47. f6 gxf6 48. gxf6 Nc8+ 49. Ka6 Nd6 50. c3 Nf7 51. b4 Ne5 52. b5+ Kd6 53. Bg3
dxc3 54. Bxe5+ Kxe5 55. f7 c2 56. f8=Q c1=Q 57. Qe7+ Kd4 58. Qe4+ Kc3 59. Qc4+
1-0

[Event "20. Torneo San Viator 2013"]
[Site "Madrid ESP"]
[Date "2013.04.07"]
[Round "1.31"]
[White "Moreno Zamora, Gregorio"]
[Black "Hernandez Herrera, Rodolfo"]
[Result "1-0"]
[WhiteElo "1725"]
[BlackElo "1504"]
[PlyCount "77"]
[EventDate "2013.04.07"]
[EventType "swiss"]
[EventRounds "9"]
[EventCountry "ESP"]
[Source "lmi"]
[SourceDate "2013.04.07"]

1. e4 e5 2. d4 Nc6 3. Nf3 Nxd4 4. Nxd4 exd4 5. Qxd4 c5 6. Qd1 Be7 7. Bc4 d6 8.
Qd5 Be6 9. Bb5+ Kf8 10. Qd3 a6 11. Bc4 Bxc4 12. Qxc4 Nf6 13. Nc3 b5 14. Qd3 h6
15. O-O b4 16. Nd5 Nxd5 17. Qxd5 Kg8 18. Bf4 g5 19. Bg3 Kg7 20. Rad1 Re8 21. f3
Ra7 22. e5 Rd7 23. exd6 Bxd6 24. Bxd6 Re6 25. Be5+ Kg8 26. Qxd7 Qxd7 27. Rxd7
Rxe5 28. Kf2 Re6 29. Re1 Rf6 30. Re5 c4 31. Rc5 b3 32. axb3 cxb3 33. cxb3 Rb6
34. Rd3 Kg7 35. Rdc3 Rd6 36. Rc6 Rd2+ 37. Kg3 Rxb2 38. Rxa6 Re2 39. b4 1-0

[Event "20. Torneo San Viator 2013"]
[Site "Madrid ESP"]
[Date "2013.04.07"]
[Round "1.32"]
[White "Olias Ruiz, Enrique"]
[Black "Robles, Bryan"]
[Result "0-1"]
[WhiteElo "1398"]
[BlackElo "1708"]
[PlyCount "52"]
[EventDate "2013.04.07"]
[EventType "swiss"]
[EventRounds "9"]
[EventCountry "ESP"]
[Source "lmi"]
[SourceDate "2013.04.07"]

1. e4 c5 2. Nc3 d6 3. b3 Nf6 4. f3 Nc6 5. Nge2 e5 6. Bb2 a6 7. d3 Bd7 8. Qd2
Qc7 9. a3 Rc8 10. h3 Be7 11. O-O-O Nd4 12. Ng3 h6 13. a4 b5 14. Nd5 Nxd5 15.
exd5 Bg5 16. Re1 Bxd2+ 17. Kxd2 O-O 18. Re4 bxa4 19. bxa4 Qa5+ 20. Bc3 Qxa4 21.
Be2 Qxc2+ 22. Ke3 Qxc3 23. Rb1 f5 24. Rh4 f4+ 25. Ke4 Nxe2 26. Nxe2 Bf5# 0-1

[Event "20. Torneo San Viator 2013"]
[Site "Madrid ESP"]
[Date "2013.04.07"]
[Round "1.33"]
[White "Perez Perez, Elena"]
[Black "Guillo Sanchez-Galiano, Ernest"]
[Result "1-0"]
[WhiteElo "1698"]
[BlackElo "1330"]
[PlyCount "67"]
[EventDate "2013.04.07"]
[EventType "swiss"]
[EventRounds "9"]
[EventCountry "ESP"]
[Source "lmi"]
[SourceDate "2013.04.07"]

1. e4 e5 2. Nf3 d6 3. Nc3 Nf6 4. d4 exd4 5. Nxd4 Be7 6. h3 O-O 7. Bc4 Bd7 8.
Be3 c5 9. Nf3 Bc6 10. Qd3 b6 11. O-O-O a5 12. Bf4 Qc7 13. Bxd6 Bxd6 14. Qxd6
Qxd6 15. Rxd6 Re8 16. Ng5 Ra7 17. Bd5 Bxd5 18. Nxd5 h6 19. Nxf6+ gxf6 20. Nf3
Nd7 21. Rhd1 Re7 22. Nh4 Nf8 23. f3 Ng6 24. Nxg6 fxg6 25. Rxf6 Kg7 26. Rxb6
Rab7 27. Rxb7 Rxb7 28. Rd5 Rb5 29. g4 a4 30. b3 g5 31. Kd2 Kg6 32. Kc3 axb3 33.
axb3 Ra5 34. Kc4 1-0

[Event "20. Torneo San Viator 2013"]
[Site "Madrid ESP"]
[Date "2013.04.07"]
[Round "1.34"]
[White "Trapero Bueno, Vicente"]
[Black "Gutierrez Mordini, Pablo"]
[Result "0-1"]
[WhiteElo "1330"]
[BlackElo "1696"]
[PlyCount "42"]
[EventDate "2013.04.07"]
[EventType "swiss"]
[EventRounds "9"]
[EventCountry "ESP"]
[Source "lmi"]
[SourceDate "2013.04.07"]

1. d4 d5 2. c4 e6 3. Nc3 Nf6 4. cxd5 exd5 5. Bg5 Nbd7 6. Nf3 Be7 7. e3 O-O 8.
Bd3 h6 9. Bh4 c6 10. O-O Ne4 11. Bxe7 Qxe7 12. a3 f5 13. b4 Nxc3 14. Qd2 Ne4
15. Bxe4 fxe4 16. Ne1 Nb6 17. f3 exf3 18. Nxf3 Nc4 19. Qc3 Qxe3+ 20. Qxe3 Nxe3
21. Rfe1 Nc2 0-1

[Event "20. Torneo San Viator 2013"]
[Site "Madrid ESP"]
[Date "2013.04.07"]
[Round "1.47"]
[White "Rodriguez Alonso, Marcos"]
[Black "Rottenwoher Suarez, Juan"]
[Result "1-0"]
[WhiteElo "1637"]
[BlackElo "1440"]
[PlyCount "87"]
[EventDate "2013.04.07"]
[EventType "swiss"]
[EventRounds "9"]
[EventCountry "ESP"]
[Source "lmi"]
[SourceDate "2013.04.07"]

1. e4 c5 2. Nf3 g6 3. d4 cxd4 4. Nxd4 Bg7 5. Be3 Nc6 6. Nc3 Nf6 7. Be2 O-O 8.
O-O d5 9. exd5 Nxd5 10. Nxd5 Nxd4 11. Bxd4 Qxd5 12. Bxg7 Qxd1 13. Raxd1 Kxg7
14. Bf3 Be6 15. Rfe1 Rad8 16. b3 Rxd1 17. Rxd1 Rc8 18. c4 b6 19. Kf1 Rc5 20.
Ke2 Kf6 21. Kd2 h5 22. h4 Kf5 23. Kc3 Ke5 24. g3 Rc7 25. Bd5 Bxd5 26. Rxd5+ Ke4
27. Rd4+ Ke5 28. f3 f5 29. f4+ Ke6 30. Kb4 Rc5 31. Rd8 Ra5 32. a3 Kf6 33. a4
Rc5 34. Rd7 a5+ 35. Kc3 Ke6 36. Rd3 Rc6 37. b4 Kf6 38. bxa5 bxa5 39. Rd5 Ra6
40. c5 Ke6 41. Kc4 Rc6 42. Rd3 Ra6 43. Kb5 Ra8 44. c6 1-0

[Event "20. Torneo San Viator 2013"]
[Site "Madrid ESP"]
[Date "2013.04.14"]
[Round "2.1"]
[White "Padin Lazaro, Jose Manuel"]
[Black "Renteria, Jorge"]
[Result "0-1"]
[WhiteElo "1809"]
[BlackElo "2300"]
[PlyCount "74"]
[EventDate "2013.04.07"]
[EventType "swiss"]
[EventRounds "9"]
[EventCountry "ESP"]
[Source "lmi"]
[SourceDate "2013.04.07"]

1. e4 c5 2. Nf3 d6 3. d4 cxd4 4. Nxd4 Nf6 5. Nc3 a6 6. Bc4 e6 7. Bb3 b5 8. O-O
b4 9. Na4 Bd7 10. Re1 Nc6 11. Nxc6 Bxc6 12. f3 Be7 13. Be3 Rb8 14. c3 d5 15.
exd5 Nxd5 16. Bd4 O-O 17. cxb4 Bxb4 18. Nc3 Qa5 19. Rc1 Rfd8 20. Qe2 Nf4 21.
Qe5 Qxe5 22. Bxe5 Nd3 23. Bxb8 Nxe1 24. Rxe1 Rxb8 25. Rd1 Kf8 26. Ne4 Ke7 27.
Rc1 Rb6 28. Kf2 a5 29. Rc2 h6 30. Ke3 a4 31. Bc4 f5 32. Nf2 Bd6 33. h3 Kf6 34.
b3 g5 35. Rd2 Bf4+ 36. Ke2 Bxd2 37. Kxd2 axb3 0-1

[Event "20. Torneo San Viator 2013"]
[Site "Madrid ESP"]
[Date "2013.04.14"]
[Round "2.2"]
[White "Solaesa Navalpotro, Luis Julio"]
[Black "Garcia Carcedo, Jesus"]
[Result "1-0"]
[WhiteElo "2249"]
[BlackElo "1808"]
[PlyCount "117"]
[EventDate "2013.04.07"]
[EventType "swiss"]
[EventRounds "9"]
[EventCountry "ESP"]
[Source "lmi"]
[SourceDate "2013.04.07"]

1. d4 Nf6 2. c4 e6 3. Nf3 c5 4. d5 d6 5. Nc3 Be7 6. e4 e5 7. Be2 O-O 8. O-O a6
9. Ne1 Bd7 10. a4 b6 11. Rb1 a5 12. Nd3 Na6 13. f4 exf4 14. Bxf4 Nb4 15. e5 Ne8
16. Qd2 Nxd3 17. Bxd3 dxe5 18. Bxe5 Bd6 19. Qf4 Bxe5 20. Qxe5 Nf6 21. Bf5 Re8
22. Qf4 Bxf5 23. Qxf5 Qd7 24. Qf3 Re5 25. Qg3 Qe7 26. Rbe1 Re8 27. Rxe5 Qxe5
28. Qxe5 Rxe5 29. Rd1 Nd7 30. Kf2 f5 31. Kf3 g5 32. h4 h6 33. hxg5 hxg5 34. g3
Kg7 35. Rd2 Re1 36. Kf2 Re5 37. d6 Kf7 38. Nd5 Re4 39. b3 Ke6 40. Nc7+ Kf6 41.
Nd5+ Ke5 42. Nc3 Rd4 43. Re2+ Kxd6 44. Nb5+ Kc6 45. Re6+ Kb7 46. Nxd4 cxd4 47.
Rd6 Nc5 48. Rxd4 Nxb3 49. Rd5 f4 50. g4 Nc5 51. Ke2 Nxa4 52. Rxg5 Nc5 53. Rf5
a4 54. Kd2 Ne4+ 55. Kc2 Kc6 56. Rxf4 Nd6 57. g5 Kd7 58. g6 Ne8 59. g7 1-0

[Event "20. Torneo San Viator 2013"]
[Site "Madrid ESP"]
[Date "2013.04.14"]
[Round "2.3"]
[White "Sarabia Utrilla, Joaquin"]
[Black "Unciti Juan, Javier"]
[Result "0-1"]
[WhiteElo "1778"]
[BlackElo "2196"]
[PlyCount "134"]
[EventDate "2013.04.07"]
[EventType "swiss"]
[EventRounds "9"]
[EventCountry "ESP"]
[Source "lmi"]
[SourceDate "2013.04.07"]

1. d4 e6 2. c4 d5 3. Nc3 c5 4. e3 Nf6 5. Nf3 Nc6 6. Bd3 Bd6 7. a3 b6 8. O-O O-O
9. Nb5 Bb8 10. b3 a6 11. Nc3 Bb7 12. cxd5 exd5 13. dxc5 bxc5 14. Na4 Ne5 15.
Nxc5 Nxf3+ 16. Qxf3 Qd6 17. Qh3 Qxc5 18. Bb2 Ne4 19. Qg4 f6 20. Rac1 Qd6 21.
Qh5 Ba7 22. Rfd1 Qe7 23. Re1 g6 24. Qh4 Rae8 25. Rc2 Nc5 26. Be2 Qe4 27. Qxe4
Nxe4 28. Rc7 Rf7 29. Rec1 Bb6 30. R7c2 f5 31. Rd1 f4 32. Bd4 Bxd4 33. exd4 Rfe7
34. f3 Nc3 35. Rxc3 Rxe2 36. Rc7 R8e7 37. Rdc1 Kf7 38. b4 Rxc7 39. Rxc7+ Re7
40. Rc3 Ke6 41. a4 Kd6 42. g3 g5 43. Kf2 Bc6 44. Ra3 Rb7 45. b5 axb5 46. axb5
Rxb5 47. Ra7 Rb2+ 48. Kg1 Rb7 49. Ra1 Rb2 50. Ra7 Bb7 51. Ra4 Kc7 52. Ra1 Kb6
53. Re1 Kb5 54. Re7 Kc4 55. gxf4 gxf4 56. Rxh7 Kxd4 57. Re7 Kd3 58. h4 d4 59.
h5 Bxf3 60. h6 Rg2+ 61. Kf1 Rh2 62. Re6 Be4 63. Kg1 Rh3 64. Kf2 f3 65. Ra6 Rh2+
66. Kg1 f2+ 67. Kxh2 f1=Q 0-1

[Event "20. Torneo San Viator 2013"]
[Site "Madrid ESP"]
[Date "2013.04.14"]
[Round "2.4"]
[White "Acuna Celada, Ivan"]
[Black "Gomez Dorado, Ernesto"]
[Result "1/2-1/2"]
[WhiteElo "2159"]
[BlackElo "1769"]
[PlyCount "125"]
[EventDate "2013.04.07"]
[EventType "swiss"]
[EventRounds "9"]
[EventCountry "ESP"]
[Source "lmi"]
[SourceDate "2013.04.07"]

1. e4 c5 2. Nf3 d6 3. d4 cxd4 4. Nxd4 Nf6 5. Nc3 a6 6. Be3 Ng4 7. Bg5 h6 8. Bh4
g5 9. Bg3 Bg7 10. h3 Ne5 11. Be2 Nbc6 12. Nb3 Be6 13. Nd5 Ng6 14. c3 Rc8 15.
O-O Nce5 16. Nd4 Bxd5 17. exd5 Qd7 18. Bh5 Rc5 19. Qb3 O-O 20. Rae1 Nc4 21. Nf3
Nge5 22. Nxe5 Nxe5 23. Rd1 b5 24. f4 Nc4 25. Bf2 Rc7 26. fxg5 hxg5 27. Bd4 Ne5
28. Qc2 f5 29. Qd2 Bf6 30. Qf2 Bg7 31. Qd2 Bf6 32. Rf2 Nc4 33. Qc1 Bxd4 34.
Rxd4 f4 35. Bg4 Qe8 36. Qc2 Rf6 37. Be6+ Kg7 38. Qe2 Qg6 39. h4 gxh4 40. Rdxf4
Ne5 41. Rxh4 Rc4 42. Rxc4 bxc4 43. Rxf6 exf6 44. a3 Qb1+ 45. Kh2 Qh7+ 46. Bh3
Qd3 47. Qh5 Qxd5 48. Qe8 Qd2 49. Qe7+ Nf7 50. Be6 Qf4+ 51. Kg1 Qe3+ 52. Kh1
Qe1+ 53. Kh2 Qh4+ 54. Bh3 Qf4+ 55. Kg1 Qc1+ 56. Kh2 Qf4+ 57. Kg1 Qc1+ 58. Kf2
Qxb2+ 59. Qe2 Qxc3 60. Qg4+ Ng5 61. Qd7+ Kh6 62. Bf5 Qd4+ 63. Kf1 1/2-1/2

[Event "20. Torneo San Viator 2013"]
[Site "Madrid ESP"]
[Date "2013.04.14"]
[Round "2.6"]
[White "Gonzalez Mateos, Rafael"]
[Black "Moreno Zamora, Gregorio"]
[Result "1-0"]
[WhiteElo "2110"]
[BlackElo "1725"]
[PlyCount "91"]
[EventDate "2013.04.07"]
[EventType "swiss"]
[EventRounds "9"]
[EventCountry "ESP"]
[Source "lmi"]
[SourceDate "2013.04.07"]

1. d4 c5 2. c3 cxd4 3. cxd4 d5 4. Nc3 Nf6 5. Nf3 Nc6 6. Bf4 e6 7. e3 a6 8. Bd3
Be7 9. Ne5 Bd7 10. O-O O-O 11. Qf3 Rc8 12. Qh3 g6 13. Bh6 Re8 14. f4 Bf8 15.
Bg5 Be7 16. Rf3 Nh5 17. g4 Ng7 18. Bh6 Nb4 19. Bb1 Bf8 20. Nxd7 Qxd7 21. a3 Nc6
22. Bd3 f5 23. Kh1 Qf7 24. g5 Re7 25. Rff1 Ne8 26. Rfc1 Nd6 27. Na4 Ne4 28.
Bxe4 dxe4 29. Bxf8 Qxf8 30. Qf1 Ree8 31. Nc5 Qf7 32. Rc3 Rc7 33. Rac1 Rec8 34.
Qc4 Nd8 35. Qb3 Qe7 36. Qc2 Rc6 37. Qd2 Kf7 38. b4 Qd6 39. Qc2 Qe7 40. Qb3 Qd6
41. a4 Qd5 42. Qb2 Qd6 43. Qc2 Ke7 44. b5 axb5 45. axb5 R6c7 46. Nxb7 1-0

[Event "20. Torneo San Viator 2013"]
[Site "Madrid ESP"]
[Date "2013.04.14"]
[Round "2.7"]
[White "Robles, Bryan"]
[Black "Cabanas Bravo, Juan Andres"]
[Result "0-1"]
[WhiteElo "1708"]
[BlackElo "2103"]
[PlyCount "47"]
[EventDate "2013.04.07"]
[EventType "swiss"]
[EventRounds "9"]
[EventCountry "ESP"]
[Source "lmi"]
[SourceDate "2013.04.07"]

1. d4 Nf6 2. Nf3 g6 3. c4 Bg7 4. g3 O-O 5. Bg2 d5 6. O-O dxc4 7. Qc2 Nfd7 8.
Na3 c5 9. Rd1 Na6 10. Bf4 cxd4 11. Nxc4 Nb4 12. Qb3 Nc6 13. Rac1 e5 14. Bg5 Bf6
15. Bh6 Bg7 16. Bg5 Qc7 17. Rc2 Nc5 18. Qb5 Bf5 19. Rcc1 Ne4 20. Ncd2 Nd6 21.
Qc5 h6 22. Bxh6 Bxh6 23. Nxe5 Ne4 24. f4 0-1

[Event "20. Torneo San Viator 2013"]
[Site "Madrid ESP"]
[Date "2013.04.14"]
[Round "2.8"]
[White "Gutierrez Mordini, Pablo"]
[Black "Fernandez Garcia, Javier"]
[Result "1-0"]
[WhiteElo "1696"]
[BlackElo "2028"]
[PlyCount "75"]
[EventDate "2013.04.07"]
[EventType "swiss"]
[EventRounds "9"]
[EventCountry "ESP"]
[Source "lmi"]
[SourceDate "2013.04.07"]

1. d4 d5 2. c4 e6 3. Nc3 c6 4. Nf3 dxc4 5. a4 Bb4 6. Bd2 a5 7. e4 b5 8. Qb1 Bb7
9. axb5 Bxc3 10. bxc3 cxb5 11. Qxb5+ Bc6 12. Qb1 Nf6 13. Bg5 h6 14. Bxf6 Qxf6
15. Ne5 O-O 16. Bxc4 Rc8 17. O-O Be8 18. Bb5 Nc6 19. Bxc6 Bxc6 20. c4 Qf4 21.
Nxc6 Rxc6 22. Qd3 Rac8 23. c5 Qc7 24. f4 Qa7 25. Qb5 Ra6 26. Ra4 Rb8 27. Qc4
Qb7 28. d5 exd5 29. exd5 Rg6 30. f5 Rg5 31. Rxa5 Qb2 32. g3 Rb4 33. Ra2 Rxc4
34. Rxb2 Rxc5 35. Rd2 Kf8 36. d6 Ke8 37. d7+ Kd8 38. Re1 1-0

[Event "20. Torneo San Viator 2013"]
[Site "Madrid ESP"]
[Date "2013.04.14"]
[Round "2.9"]
[White "Julian Serra, Rogelio"]
[Black "Moratalla Garcia, Joaquin"]
[Result "1-0"]
[WhiteElo "2014"]
[BlackElo "1683"]
[PlyCount "97"]
[EventDate "2013.04.07"]
[EventType "swiss"]
[EventRounds "9"]
[EventCountry "ESP"]
[Source "lmi"]
[SourceDate "2013.04.07"]

1. c4 Nf6 2. Nc3 e6 3. g3 c5 4. Bg2 Nc6 5. Nf3 Be7 6. O-O O-O 7. d4 cxd4 8.
Nxd4 Nxd4 9. Qxd4 d6 10. b3 a6 11. Bb2 Re8 12. Rfd1 Bf8 13. Ba3 e5 14. Qd2 Qb6
15. Bxd6 Rd8 16. Bc7 Rxd2 17. Bxb6 Rxd1+ 18. Rxd1 Be6 19. Bc7 Nd7 20. Bd5 Bf5
21. Na4 Bb4 22. Nb6 Nxb6 23. Bxb6 g6 24. Bxb7 Rb8 25. Rd8+ Rxd8 26. Bxd8 a5 27.
Bb6 Bb1 28. Bc6 Bxa2 29. Ba4 Bb1 30. c5 Bf5 31. c6 Be6 32. e4 f6 33. Kf1 Kf7
34. Bd8 f5 35. f3 fxe4 36. fxe4 h6 37. Ke2 g5 38. Kd3 Bg4 39. Bb5 Bc8 40. Bc4+
Ke8 41. Bc7 h5 42. Bxe5 Ke7 43. Bc7 Be1 44. e5 Bb4 45. Ke4 Be1 46. Bd6+ Kd8 47.
Bf7 h4 48. Kd5 Bxg3 49. c7+ 1-0

[Event "20. Torneo San Viator 2013"]
[Site "Madrid ESP"]
[Date "2013.04.14"]
[Round "2.10"]
[White "Sanz Miranda, Fernando"]
[Black "Martin Hernandez, Vicente"]
[Result "0-1"]
[WhiteElo "1677"]
[BlackElo "2005"]
[PlyCount "62"]
[EventDate "2013.04.07"]
[EventType "swiss"]
[EventRounds "9"]
[EventCountry "ESP"]
[Source "lmi"]
[SourceDate "2013.04.07"]

1. c4 Nf6 2. Nc3 e6 3. g3 d5 4. cxd5 exd5 5. d4 Be7 6. Bg2 Bf5 7. Bf4 c6 8. e3
Na6 9. Nge2 Nc7 10. Bxc7 Qxc7 11. Rc1 O-O 12. O-O Qd7 13. Nf4 Bd6 14. Nh5 Nxh5
15. Qxh5 Bg4 16. Bh3 Bxh3 17. Qd1 Bxf1 18. Qxf1 f5 19. Qh3 Rf6 20. Ne2 Rh6 21.
Qg2 g5 22. Kf1 Kh8 23. f3 g4 24. fxg4 fxg4 25. Nc3 Rf8+ 26. Kg1 Rf3 27. e4 dxe4
28. Nxe4 Bxg3 29. Nxg3 Qxd4+ 30. Kh1 Rf2 31. Qg1 Qd5+ 0-1

[Event "20. Torneo San Viator 2013"]
[Site "Madrid ESP"]
[Date "2013.04.14"]
[Round "2.11"]
[White "Sotoca Aguado, Jose"]
[Black "Sierra Bermejo, Gregorio"]
[Result "1-0"]
[WhiteElo "1976"]
[BlackElo "1654"]
[PlyCount "73"]
[EventDate "2013.04.07"]
[EventType "swiss"]
[EventRounds "9"]
[EventCountry "ESP"]
[Source "lmi"]
[SourceDate "2013.04.07"]

1. e4 e5 2. Nf3 Nc6 3. Bb5 a6 4. Ba4 Nf6 5. O-O Be7 6. Re1 b5 7. Bb3 d6 8. c3
Na5 9. Bc2 c5 10. d4 Qc7 11. Nbd2 O-O 12. d5 Bg4 13. h3 Bh5 14. Nf1 h6 15. Ng3
Bg6 16. Nh4 Nc4 17. b3 Nb6 18. Nhf5 Kh7 19. f4 Bxf5 20. Nxf5 g6 21. fxe5 dxe5
22. Nxh6 Nbd7 23. Rf1 Kg7 24. Bg5 Qd6 25. Ng4 Rh8 26. Qf3 Rh5 27. h4 Rf8 28.
Ne3 Rh7 29. a4 Bd8 30. axb5 axb5 31. c4 b4 32. g3 Be7 33. Ra7 Rhh8 34. Ng4 Nxg4
35. Qxg4 Bxg5 36. Rxd7 Be3+ 37. Kg2 1-0

[Event "20. Torneo San Viator 2013"]
[Site "Madrid ESP"]
[Date "2013.04.14"]
[Round "2.12"]
[White "Yaniz Lana, Francisco Javier"]
[Black "Garcia-Ruiz Fuentes, Angel M"]
[Result "1/2-1/2"]
[WhiteElo "1653"]
[BlackElo "1952"]
[PlyCount "91"]
[EventDate "2013.04.07"]
[EventType "swiss"]
[EventRounds "9"]
[EventCountry "ESP"]
[Source "lmi"]
[SourceDate "2013.04.07"]

1. d4 Nf6 2. Nf3 g6 3. g3 Bg7 4. Bg2 O-O 5. O-O d6 6. c4 Nc6 7. Nc3 a6 8. e4
Rb8 9. Be3 Bd7 10. h3 b5 11. cxb5 axb5 12. a3 b4 13. axb4 Nxb4 14. Qd2 Bb5 15.
Nxb5 Rxb5 16. e5 dxe5 17. Nxe5 Nfd5 18. Bh6 f6 19. Bxg7 Kxg7 20. Ng4 Qd6 21.
Qh6+ Kg8 22. h4 Nb6 23. d5 N6xd5 24. Rad1 Qe6 25. Kh2 Nb6 26. Qf4 N4d5 27. Qh6
Rb8 28. Bh3 Qf7 29. Rfe1 Qg7 30. Qc1 h5 31. Nh6+ Kh7 32. Nf5 gxf5 33. Bxf5+ Kh8
34. Qc6 Rxb2 35. Kg1 e5 36. Be6 Nf4 37. Bf5 Ne2+ 38. Rxe2 Rxe2 39. Qf3 Ra2 40.
Qxh5+ Kg8 41. Be6+ Kf8 42. Bxa2 Ra8 43. Be6 Rb8 44. Kg2 Re8 45. Bb3 Ra8 46. Be6
1/2-1/2

[Event "20. Torneo San Viator 2013"]
[Site "Madrid ESP"]
[Date "2013.04.14"]
[Round "2.13"]
[White "Rosa Ramirez, Victor D"]
[Black "Villanueva Ortega, Ruben"]
[Result "0-1"]
[WhiteElo "1945"]
[BlackElo "1610"]
[PlyCount "82"]
[EventDate "2013.04.07"]
[EventType "swiss"]
[EventRounds "9"]
[EventCountry "ESP"]
[Source "lmi"]
[SourceDate "2013.04.07"]

1. e4 e6 2. d4 d5 3. e5 c5 4. c3 Nc6 5. Nf3 Qb6 6. a3 c4 7. Nbd2 Na5 8. Be2 Bd7
9. Rb1 O-O-O 10. O-O h6 11. b4 Nc6 12. a4 Nge7 13. b5 Na5 14. Ba3 Ng6 15. Bb4
Kb8 16. Re1 Ka8 17. Qc1 Rc8 18. Qa3 Nf4 19. Bf1 Qc7 20. Rec1 b6 21. Ne1 f6 22.
g3 fxe5 23. dxe5 Ng6 24. f4 Bc5+ 25. Kh1 Ne7 26. Bg2 g5 27. Qa1 gxf4 28. Bxa5
bxa5 29. Nxc4 fxg3 30. h3 Bb6 31. Nd6 Qc5 32. Nd3 Qe3 33. Nxc8 Bxc8 34. Rd1 Bb7
35. Qa2 Rc8 36. Rbc1 Nf5 37. c4 dxc4 38. Rxc4 Rxc4 39. Nc5 Rxc5 40. Bxb7+ Kxb7
41. Qg2+ Kb8 0-1

[Event "20. Torneo San Viator 2013"]
[Site "Madrid ESP"]
[Date "2013.04.14"]
[Round "2.14"]
[White "San Felipe Gonzalez, Tomas"]
[Black "Camarero Izquierdo, Juan Carlos"]
[Result "1-0"]
[WhiteElo "1649"]
[BlackElo "1934"]
[PlyCount "133"]
[EventDate "2013.04.07"]
[EventType "swiss"]
[EventRounds "9"]
[EventCountry "ESP"]
[Source "lmi"]
[SourceDate "2013.04.07"]

1. d4 d5 2. c4 c6 3. cxd5 cxd5 4. Nc3 Nf6 5. Bg5 e6 6. Nf3 h6 7. Bh4 Nbd7 8. e3
a6 9. Bd3 b5 10. Ne5 Be7 11. Nc6 Qb6 12. Nxe7 Kxe7 13. O-O Bb7 14. Re1 e5 15.
dxe5 Nxe5 16. Bf1 Rhd8 17. Bg3 Nc4 18. Qe2 Qc6 19. Rac1 Qe6 20. f3 Kf8 21. Bf2
Bc6 22. b3 Ne5 23. Red1 b4 24. Nb1 Bb5 25. Qd2 Bxf1 26. Qxb4+ Kg8 27. Kxf1 a5
28. Qa4 Qa6+ 29. Kg1 Nd3 30. Rc6 Nxf2 31. Rxa6 Nxd1 32. Rxa8 Rxa8 33. Qd4 Re8
34. Qxd1 Rxe3 35. Qd2 d4 36. Kf2 Re5 37. Qxd4 Rd5 38. Qc3 Kh7 39. Nd2 Nh5 40.
Nc4 Nf4 41. Qc2+ g6 42. Qe4 Rf5 43. Nxa5 h5 44. Nc4 h4 45. a4 h3 46. g3 Ne6 47.
Qxf5 gxf5 48. b4 Kg6 49. b5 Kf6 50. b6 Nc5 51. a5 Ke6 52. Ke3 f6 53. b7 Na6 54.
Kf4 Kd5 55. Ne3+ Kc6 56. Kxf5 Kxb7 57. Kxf6 Nc5 58. g4 Nd7+ 59. Ke7 Ne5 60. g5
Ka6 61. Ke6 Nxf3 62. g6 Nxh2 63. g7 Nf3 64. g8=Q h2 65. Qa8+ Kb5 66. Qxf3 Kxa5
67. Qh1 1-0

[Event "20. Torneo San Viator 2013"]
[Site "Madrid ESP"]
[Date "2013.04.14"]
[Round "2.15"]
[White "Linares Leyva, David"]
[Black "Arias Cusio, Oscar"]
[Result "1-0"]
[WhiteElo "1904"]
[BlackElo "1761"]
[PlyCount "95"]
[EventDate "2013.04.07"]
[EventType "swiss"]
[EventRounds "9"]
[EventCountry "ESP"]
[Source "lmi"]
[SourceDate "2013.04.07"]

1. d4 Nf6 2. c4 c6 3. Nc3 g6 4. Nf3 Bg7 5. e3 O-O 6. Be2 d6 7. O-O b6 8. b4 Bb7
9. Rb1 Nbd7 10. Qb3 Rb8 11. a4 e5 12. Ba3 Qc7 13. d5 a6 14. dxc6 Bxc6 15. Rbc1
Bb7 16. Rfd1 Rfd8 17. Nd5 Bxd5 18. cxd5 Qb7 19. Rc6 Ne8 20. Rdc1 b5 21. a5 Ndf6
22. Bb2 Rd7 23. Rb6 Qa8 24. Rxb8 Qxb8 25. Nd2 Nc7 26. e4 Bh6 27. Qd3 Qa7 28.
Rc2 Nce8 29. Nf1 Ng7 30. Rc8+ Nfe8 31. Bc1 Bxc1 32. Rxc1 f5 33. Bf3 Re7 34. Ne3
Qd4 35. Qb1 f4 36. Nf1 g5 37. h3 h5 38. Rd1 Qa7 39. Rc1 Nf6 40. Nh2 Nge8 41.
Rc6 Rg7 42. Qd1 Rc7 43. Bxh5 Nxe4 44. Qc2 Rxc6 45. dxc6 N4f6 46. Bxe8 Nxe8 47.
Qg6+ Qg7 48. Qxe8+ 1-0

[Event "20. Torneo San Viator 2013"]
[Site "Madrid ESP"]
[Date "2013.04.14"]
[Round "2.16"]
[White "Algaba Traspuesto, Jose Antonio"]
[Black "Bermejo Redondo, Oscar"]
[Result "0-1"]
[WhiteElo "1638"]
[BlackElo "1896"]
[PlyCount "66"]
[EventDate "2013.04.07"]
[EventType "swiss"]
[EventRounds "9"]
[EventCountry "ESP"]
[Source "lmi"]
[SourceDate "2013.04.07"]

1. d4 Nf6 2. Nf3 g6 3. Nc3 Bg7 4. e4 O-O 5. e5 Ne8 6. Bc4 d6 7. Qe2 c6 8. Bf4
d5 9. Bd3 Nc7 10. h4 h5 11. Qd2 Ne6 12. Bh6 c5 13. Bxg7 Kxg7 14. O-O-O Nxd4 15.
Nxd4 cxd4 16. Ne2 Nc6 17. Qg5 e6 18. Qg3 Qc7 19. f4 Bd7 20. Qg5 Qd8 21. Qg3 Rh8
22. Rdf1 Rc8 23. Rf2 Nb4 24. a3 Nxd3+ 25. Qxd3 b5 26. Nxd4 Qb6 27. Rhf1 Rc4 28.
c3 Rhc8 29. Kd2 a5 30. Qg3 b4 31. axb4 axb4 32. Rc1 Rxd4+ 33. cxd4 Qxd4+ 0-1